000 01268nam a2200289Ia 4500
003 OSt
005 20201111095121.0
008 191128s2013 ck gr 000 0 spa d
020 _a9789587834048
040 _aCO-JMCR
_cCO-JMCR
041 0 _aspa
082 0 4 _a320.8 /
_bE829a
_221
100 1 _aEstupiñán Achury, Liliana,
_eeditor
_92136
245 1 0 _aAsociatividad territorial :
_benfoque comparado y análisis en el nuevo contexto de la organización territorial colombiana /
_ceditores Liliana Estupiñán Achury, Manuel Alberto Restrepo Medina
250 _aPrimera edición
260 _aBogotá :
_bUniversidad del Rosario,
_c2013
300 _a337 páginas ;
_c24 cm.
490 0 _aColección textos de jurisprudencia
504 _aBibliografía: páginas 335 - 337
505 0 _aEl principio de la asociatividad territorial desde la perspectiva comparada -- Colombia y el principio de asociatividad territorial
650 1 4 _aEntidades territoriales
_92137
650 1 4 _aCooperación internacional
_xrelaciones internacionales
_92138
650 1 4 _aDerecho comparado
_xestudio de caso
_92139
650 1 4 _aDerecho constitucional
_xordenamiento territorial
_92140
700 1 _aRestrepo Medina, Manuel Alberto,
_eeditor
_92141
942 _2ddc
_cBK
999 _c5113
_d5113